Estetika, umenie a každodenný život

Bibliographic Details
Main Author: Andrejev, A. (Author)
Format: Article
Language:Slovak
PhysicalDescription:Obr. 1.
Subjects:

MARC

LEADER 00000nab a2200000 a 4500
001 vtls000003957
003 SK-MaSNL
005 20260304063310.0
008 250422c1978 xo 0 slo
015 |a SNBRB19rr/mm-uuuuu 
035 |a CL0014050 
035 |a urn:nbn:sk:snk-ab5p 
035 |a (urnnbn)urn:nbn:sk:snk:ar-005kxn 
035 |a (uuid)56be0b6f-7e7d-4cb6-b21e-c165d7d695c2 
040 |a SNKBUCL  |b slo  |c SNKBUCL  |e AACR2 
041 0 |a slo 
044 |a xo  |c SK 
080 |a 7  |2 1981 
100 1 |a Andrejev, A.  |4 aut  |9 1168474 
245 1 0 |a Estetika, umenie a každodenný život  |c A. Andrejev 
300 |b Obr. 1. 
650 0 7 |a estetika  |2 SNKPH  |9 791 
650 0 7 |a umenie  |2 SNKPH  |9 1060 
655 7 |a články z novín a časopisov  |2 SNK  |9 267496 
773 0 |t Výtvarný život  |g Roč. 23, č. 6 (1978), s. 30-31 
850 |a Slovenská národná knižnica 
852 |a Slovenská národná knižnica 
954 |a odborná, vedecká literatúra pôvodná (slovenská)  |2 lita 
958 |a article27 
958 |a RK 
958 |a OND 
958 |a EUIPO 
992 |a RBX 
999 |c 2742011  |d 2743941